<?xml version="1.0" encoding="UTF-8"?>
<record
    xmlns:xsi="http://www.w3.org/2001/XMLSchema-instance"
    xsi:schemaLocation="http://www.loc.gov/MARC21/slim http://www.loc.gov/standards/marcxml/schema/MARC21slim.xsd"
    xmlns="http://www.loc.gov/MARC21/slim">

  <leader>00998nam a2200229Ia 4500</leader>
  <datafield tag="999" ind1=" " ind2=" ">
    <subfield code="c">36108</subfield>
    <subfield code="d">36108</subfield>
  </datafield>
  <controlfield tag="001">2008</controlfield>
  <controlfield tag="003">GE_BSU</controlfield>
  <controlfield tag="005">20221006121653.0</controlfield>
  <controlfield tag="008">181216s2007||||ru |||||||||||||| ||rus||</controlfield>
  <datafield tag="020" ind1=" " ind2=" ">
    <subfield code="a">9785949351246</subfield>
  </datafield>
  <datafield tag="040" ind1=" " ind2=" ">
    <subfield code="c">GE_BSU</subfield>
  </datafield>
  <datafield tag="041" ind1=" " ind2=" ">
    <subfield code="a">rus</subfield>
  </datafield>
  <datafield tag="080" ind1=" " ind2=" ">
    <subfield code="a">341.226(075.8)+347.82(075.8) &#x411;-82</subfield>
  </datafield>
  <datafield tag="100" ind1=" " ind2=" ">
    <subfield code="a">&#x411;&#x43E;&#x440;&#x434;&#x443;&#x43D;&#x43E;&#x432;, &#x412;. &#x414;.</subfield>
    <subfield code="9">348</subfield>
  </datafield>
  <datafield tag="245" ind1=" " ind2=" ">
    <subfield code="a">&#x41C;&#x435;&#x436;&#x434;&#x443;&#x43D;&#x430;&#x440;&#x43E;&#x434;&#x43D;&#x43E;&#x435; &#x432;&#x43E;&#x437;&#x434;&#x443;&#x448;&#x43D;&#x43E;&#x435; &#x43F;&#x440;&#x430;&#x432;&#x43E; /</subfield>
    <subfield code="c">&#x412;. &#x414;. &#x411;&#x43E;&#x440;&#x434;&#x443;&#x43D;&#x43E;&#x432;.</subfield>
    <subfield code="b"> </subfield>
  </datafield>
  <datafield tag="264" ind1=" " ind2=" ">
    <subfield code="a">&#x41C;&#x43E;&#x441;&#x43A;&#x432;&#x430; :</subfield>
    <subfield code="b">&#x41D;&#x43E;&#x446;.&#x412;&#x41A;&#x428; "&#x410;&#x432;&#x438;&#x430;&#x431;&#x438;&#x437;&#x43D;&#x435;&#x441;,</subfield>
    <subfield code="c">2007.</subfield>
  </datafield>
  <datafield tag="300" ind1=" " ind2=" ">
    <subfield code="a">464 &#x441;.</subfield>
  </datafield>
  <datafield tag="653" ind1=" " ind2=" ">
    <subfield code="a">&#x10E1;&#x10D0;&#x10DB;&#x10D0;&#x10E0;&#x10D7;&#x10D0;&#x10DA;&#x10D8;</subfield>
  </datafield>
  <datafield tag="653" ind1=" " ind2=" ">
    <subfield code="a">&#x10E1;&#x10D0;&#x10F0;&#x10D0;&#x10D4;&#x10E0;&#x10DD; &#x10E1;&#x10D0;&#x10DB;&#x10D0;&#x10E0;&#x10D7;&#x10D0;&#x10DA;&#x10D8;</subfield>
  </datafield>
  <datafield tag="760" ind1=" " ind2=" ">
    <subfield code="b">http://185.10.129.239:8081/buki_web/Fulltext/%D0%9A%D0%BE%D0%BD%D1%81%D1%83%D0%BB%D1%8C%D1%82%D0%B0%D0%BD%D1%82%202011/PDF/Sovremenniki/bordunov.pdf</subfield>
  </datafield>
  <datafield tag="942" ind1=" " ind2=" ">
    <subfield code="c">BK</subfield>
    <subfield code="2">udc</subfield>
    <subfield code="n">http://185.10.129.239:8081/buki_web/Fulltext/%D0%9A%D0%BE%D0%BD%D1%81%D1%83%D0%BB%D1%8C%D1%82%D0%B0%D0%BD%D1%82%202011/PDF/Sovremenniki/bordunov.pdf</subfield>
  </datafield>
  <datafield tag="952" ind1=" " ind2=" ">
    <subfield code="0">0</subfield>
    <subfield code="1">0</subfield>
    <subfield code="2">udc</subfield>
    <subfield code="4">0</subfield>
    <subfield code="6">3412260758347820758_&#x411;82</subfield>
    <subfield code="7">0</subfield>
    <subfield code="9">82774</subfield>
    <subfield code="a">CPL</subfield>
    <subfield code="b">CPL</subfield>
    <subfield code="c">GEN</subfield>
    <subfield code="d">2019-04-22</subfield>
    <subfield code="g">20.00</subfield>
    <subfield code="o">341.226(075.8)+347.82(075.8) &#x411;-82</subfield>
    <subfield code="p">3828</subfield>
    <subfield code="r">2019-04-22</subfield>
    <subfield code="t">3828</subfield>
    <subfield code="u"> </subfield>
    <subfield code="w">2019-04-22</subfield>
    <subfield code="y">BK</subfield>
    <subfield code="z">20 &#x10DA;.</subfield>
  </datafield>
</record>
